Normal view MARC view
  • Supervisor : Dr. Muhammad Usman Bhutta

Entry Personal Name

Number of records used in: 5

001 - CONTROL NUMBER

  • control field: 119569

003 - CONTROL NUMBER IDENTIFIER

  • control field: NUST

005 - DATE AND TIME OF LATEST TRANSACTION

  • control field: 20231208101701.0

008 - FIXED-LENGTH DATA ELEMENTS

  • fixed length control field: 231208|| aca||aabn | a|a d

040 ## - CATALOGING SOURCE

  • Original cataloging agency: NUST
  • Transcribing agency: NUST

100 ## - HEADING--PERSONAL NAME

  • Personal name: Supervisor : Dr. Muhammad Usman Bhutta

670 ## - SOURCE DATA FOUND

  • Source citation: Work cat.: (NUST): Iqbal, Chaudhry Kashif 119568, Friction and Wear Performance Analysis of Grey Cast-Iron G3000 against 52100 Steel ball bearing With Bio-Lubricants and NanoAdditives under Reciprocating Motion /
© 2023 Central Library, National University of Sciences and Technology. All Rights Reserved.